000 00275nam a22001337a 4500
008 170928b xxu||||| |||| 00| 0 eng d
020 _a0026758105
041 _aeng
080 _a37
100 _a47
101 _aEDU
245 _aTODAY'S TEEN
_cKELLY,J
942 _2udc
_cBK
999 _c30571
_d30571